Archer's voice / (Record no. 30989)

MARC details
000 -LEADER
fixed length control field 01207cam a22003377i 4500
001 - CONTROL NUMBER
control field 23553572
003 - CONTROL NUMBER IDENTIFIER
control field EG-ScBUE
005 - DATE AND TIME OF LATEST TRANSACTION
control field 20250514103152.0
008 - FIXED-LENGTH DATA ELEMENTS--GENERAL INFORMATION
fixed length control field 240206s2023 nyu f 000 1 eng d
020 ## - INTERNATIONAL STANDARD BOOK NUMBER
International Standard Book Number 9781538766941
020 ## - INTERNATIONAL STANDARD BOOK NUMBER
International Standard Book Number 1538766949
035 ## - SYSTEM CONTROL NUMBER
System control number (OCoLC)on1410897303
040 ## - CATALOGING SOURCE
Original cataloging agency GCmBT
Language of cataloging eng
Description conventions rda
Transcribing agency IHE
Modifying agency IHE
-- OCLCO
-- OCLCQ
-- OCLCL
-- DLC
-- EG-ScBUE
043 ## - GEOGRAPHIC AREA CODE
Geographic area code n-us-me
082 04 - DEWEY DECIMAL CLASSIFICATION NUMBER
Classification number 813.6
Edition number 22
Item number SHE
100 1# - MAIN ENTRY--PERSONAL NAME
Personal name Sheridan, Mia,
Relator term author.
245 10 - TITLE STATEMENT
Title Archer's voice /
Statement of responsibility, etc Mia Sheridan.
250 ## - EDITION STATEMENT
Edition statement Annotated special edition.
264 #1 - PUBLICATION, DISTRIBUTION, ETC. (IMPRINT)
Place of publication, distribution, etc New York :
Name of publisher, distributor, etc Forever,
Date of publication, distribution, etc 2023.
300 ## - PHYSICAL DESCRIPTION
Extent 388 pages ;
Dimensions 24 cm
336 ## - CONTENT TYPE
Content type term text
Source rdacontent
Content type code txt
337 ## - MEDIA TYPE
Media type term unmediated
Source rdamedia
Media type code n
338 ## - CARRIER TYPE
Carrier type term volume
Source rdacarrier
Carrier type code nc
520 ## - SUMMARY, ETC.
Summary, etc After her father is murdered, a young woman falls in love with Archer, a reclusive man who is mute as the result of a childhood accident, as they both try to overcome the trauma of their past and forge a commitment to each other.
650 #7 - SUBJECT ADDED ENTRY--TOPICAL TERM
Topical term or geographic name as entry element Man-woman relationships
Form subdivision Fiction.
Source of heading or term BUEsh
650 #7 - SUBJECT ADDED ENTRY--TOPICAL TERM
Topical term or geographic name as entry element Mute persons
Form subdivision Fiction.
Source of heading or term BUEsh
651 #7 - SUBJECT ADDED ENTRY--GEOGRAPHIC NAME
Geographic name Maine
Form subdivision Fiction.
Source of heading or term BUEsh
653 ## - INDEX TERM--UNCONTROLLED
Arrived date list May2025
Resource For college Humanities: English
655 ## - INDEX TERM--GENRE/FORM
Form subdivision Reading book
942 ## - ADDED ENTRY ELEMENTS (KOHA)
Source of classification or shelving scheme Dewey Decimal Classification
Koha item type Book - Borrowing
Holdings
Withdrawn status Lost status Source of classification or shelving scheme Damaged status Not for loan Collection code Home library Current library Shelving location Date acquired Source of acquisition Cost, normal purchase price Serial Enumeration / chronology Total Checkouts Full call number Barcode Date last seen Date checked out Cost, replacement price Price effective from Koha item type
    Dewey Decimal Classification     Baccah Central Library Central Library Second Floor 14/05/2025 Purchase 1415.00 39225 1 813.6 SHE 000057368 21/04/2026 14/04/2026 1768.75 14/05/2025 Book - Borrowing